Norma Chilena Oficial NCh 1116. EOf77

Saved in:
Bibliografiske detaljer
Corporate Authors: Instituto Nacional de Normalización (Author), INN (Author)
Format: Bog
Sprog:spansk
Udgivet: Santiago Instituto Nacional de Normalización 1977
Udgivelse:1a. ed
Fag:
Tags: Tilføj Tag
Ingen Tags, Vær først til at tagge denne postø!

MARC

LEADER 00000nam a2200000 a 4500
001 UCK5917
003 CL-VaPUC
008 050826e19770000CL |||||||||||||||||spa|d
082 0 4 |a 691.3  |b INS  |2 21 
110 2 |a Instituto Nacional de Normalización  |e author  |9 494992 
710 2 |a INN  |e author  |9 494993 
245 1 0 |a Norma Chilena Oficial NCh 1116. EOf77 
246 1 0 |a Aridos para morteros y hormigones - determinación de la densidad aparente 
250 |a 1a. ed 
300 |a 8 p 
942 |c BK 
945 |d 20050826 00:00:00  |a jcarroza 
260 |a Santiago  |b Instituto Nacional de Normalización  |c 1977 
650 0 |a Materiales de construcción  |9 260197 
650 0 |a Hormigones  |9 262546 
650 0 |a Arena   |9 261219 
650 7 |a NORMAS  |2 CL-VaPUC  |9 259606 
583 |a last modification  |c 20160921 10:29:03  |k Rodrigo Vera 
999 |c 314369  |d 314367